[Event "Asia-ch Amateur (Women)"]
[Site "Muscat"]
[Date "2022.10.04"]
[Round "8"]
[White "Al Aisaee, Anat"]
[Black "Amal, Fadel SM Alshamsi"]
[Result "1/2-1/2"]
[WhiteElo "1628"]
[BlackElo "1404"]
[PlyCount "92"]
[EventDate "2022.09.29"]
[EventType "swiss"]
[EventRounds "9"]
[EventCountry "OMN"]
[SourceTitle "CBM 210 Extra"]
[Source "ChessBase"]
[SourceDate "2022.11.30"]
[SourceVersion "1"]
[SourceVersionDate "2022.11.30"]
[SourceQuality "1"]

1. e4 e5 2. Nf3 Nc6 3. d4 exd4 4. Nxd4 Nf6 5. Nxc6 bxc6 6. Bd3 d5 7. exd5 cxd5 8. 0-0 Be7 9. c4 d4 10. Nd2 0-0 11. Ne4 Bb7 12. Qc2 h6 13. Nxf6+ Bxf6 14. Bd2 c5 15. Rfe1 Qd6 16. Be4 Bxe4 17. Qxe4 Rfe8 18. Qf3 Be5 19. h3 Rab8 20. b3 Rb6 21. Qg4 d3 22. Rad1 Ra6 23. a4 Rb6 24. Bf4 Re6 25. Bxe5 Rxe5 26. Rxe5 Qxe5 27. Rxd3 Qe1+ 28. Kh2 Qxf2 29. Rf3 Qb2 30. Qc8+ Kh7 31. Qxc5 Rg6 32. Qf2 Qe5+ 33. Kg1 Qa1+ 34. Qf1 Qd4+ 35. Kh1 Qb2 36. Rxf7 Qxb3 37. Rxa7 Qb6 38. Rf7 Qa5 39. Qb1 Qxa4 40. Rf2 Qxc4 41. Rb2 Qc6 42. Ra2 Qb6 43. Rb2 Qc6 44. Ra2 Qb6 45. Rb2 Qc6 46. Ra2 Qb6 1/2-1/2

[Event "UAE President Cup (Women)"]
[Site "Ajman"]
[Date "2019.01.03"]
[Round "2"]
[White "Amal, Fadel SM Alshamsi"]
[Black "Al Hammadi, Mona H"]
[Result "1/2-1/2"]
[WhiteElo "1428"]
[BlackElo "1423"]
[PlyCount "101"]
[EventDate "2019.01.02"]
[EventType "swiss"]
[EventRounds "9"]
[EventCountry "UAE"]
[SourceTitle "CBM 188 Extra"]
[Source "ChessBase"]
[SourceDate "2019.02.26"]
[SourceVersion "1"]
[SourceVersionDate "2019.02.26"]
[SourceQuality "1"]

1. e4 g6 2. d4 Bg7 3. Nf3 c6 4. Nc3 d5 5. h3 Nh6 6. Be2 f6 7. 0-0 Nf7 8. Be3 0-0 9. Qd2 Na6 10. Rad1 Nc7 11. exd5 cxd5 12. Bd3 Kh8 13. Rfe1 e5 14. Be2 e4 15. Nh2 Ne6 16. f3 f5 17. fxe4 fxe4 18. Ng4 b6 19. Rf1 Bb7 20. Rf2 Qe7 21. Rdf1 Nd6 22. Rxf8+ Rxf8 23. Rxf8+ Qxf8 24. Nd1 Nf5 25. c3 Nxe3 26. Ndxe3 Qf4 27. Nf1 h5 28. Nge3 Ng5 29. Qe1 Kg8 30. Qg3 Qxg3 31. Nxg3 a6 32. Bd1 Ne6 33. Bb3 Nf4 34. Kf1 Kf7 35. Ne2 Nxe2 36. Kxe2 Ke6 37. a3 a5 38. Kf2 Bh6 39. Ke2 Bg7 40. Kf2 b5 41. Ba2 Kd6 42. Ke2 Bh6 43. Bb3 Bc6 44. Kf2 Ke6 45. Ke2 Bf8 46. Kd2 Kd6 47. Ke2 Bh6 48. Kf2 Ke6 49. Ke2 Bg7 50. Kf2 Bh6 51. Ke2 1/2-1/2